La miseria de la dialéctica : dialéctica y marxismo frente a la ciencia : ensayo de una crítica constructiva /

Gorde:
Xehetasun bibliografikoak
Egile nagusia: Nicolai, Jorge F. (autor)
Formatua: Liburua
Hizkuntza:gaztelania
Argitaratua: Puebla, México : José María Cajica Jr. 1958, c1958
Etiketak: Etiketa erantsi
Etiketarik gabe, Izan zaitez lehena erregistro honi etiketa jartzen!

MARC

LEADER 00000nam^a2200000^a^4500
001 000432858
005 20250526000000.0
009 20260310123025.905
037 |a Acervo ITESO - Biblioteca 
041 |a ESP 
091 |a FHM. 06226 
100 |a Nicolai, Jorge F.  |e (autor) 
245 1 3 |a La miseria de la dialéctica :  |b dialéctica y marxismo frente a la ciencia : ensayo de una crítica constructiva / 
264 4 |a Puebla, México :  |b José María Cajica Jr.  |c 1958, c1958 
300 |a 454 p. ;  |c 22.0 cm. 
336 |a texto  |b txt  |2 rdacontenido 
337 |a sin mediación  |b n  |2 rdamedio 
338 |a volumen  |b nc  |2 rdasoporte 
649 |a XX 
910 |a Fondo Hugo B. Margáin 
920 |a Impresos - Libros 
930 |a Libros Antiguos y Raros 
905 |a 126 
901 |a 0500316667  |b IT2  |c LRA  |i D106157  |u 20250526 
902 |a https://opac.biblio.iteso.mx/vufind/Record/000432858